|
|
|
|
| LEADER |
00000nam a2200000 a 4500 |
| 001 |
UCJ9873 |
| 003 |
CL-VaPUC |
| 008 |
070413e19790000CL |||||||||||||||||spa|d |
| 020 |
|
|
|a 9562012409
|
| 082 |
0 |
4 |
|a 401.41
|b WAL
|2 21
|
| 100 |
0 |
|
|a Walther, Elizabeth
|e author
|9 519924
|
| 245 |
1 |
0 |
|a Teoría general de los signos: introducción a los fundamentos de la semiótica
|
| 300 |
|
|
|a 219 p
|
| 942 |
|
|
|c BK
|
| 945 |
|
|
|d 20070413 00:00:00
|a jtorresc
|
| 260 |
|
|
|a Santiago
|b Dolmen
|c 1979
|
| 500 |
|
|
|a Donación del Dr. Luis Gómez Macker
|
| 650 |
|
0 |
|a Semiótica
|9 265317
|
| 650 |
|
0 |
|a Lingüística
|9 265068
|
| 583 |
|
|
|a last modification
|c 20070413 00:00:00
|k Rodrigo Vera
|
| 999 |
|
|
|c 325216
|d 325214
|
| 952 |
|
|
|0 0
|1 0
|4 0
|6 401_410000000000000_WAL_1979
|7 0
|8 A
|9 405850
|a FDOPOS
|b FDOPOS
|d 2019-11-22
|i 4274679
|o 401.41 WAL 1979
|p 4274679
|r 2025-01-22
|w 2019-11-22
|y BK
|k MLA
|